| Tag |
First Indicator |
Second Indicator |
Subfields |
| LEADER |
00000cam a22000001a 4500 |
| 001 |
in00002148317 |
| 006 |
m e d # |
| 007 |
cr mn mmmmabba |
| 008 |
850618s1781 riu sl s000 0 eng d |
| 005 |
20260331155928.5 |
| 035 |
|
|
|z w007873
|
| 035 |
|
|
|a MAAR8506183527B
|
| 035 |
|
|
|9 mwa91-34986
|
| 035 |
|
|
|a 327475
|
| 035 |
|
|
|a aas03007873
|
| 040 |
|
|
|a MWA
|c MWA
|e bdrb
|d UtOrBLW
|
| 110 |
1 |
|
|a Rhode Island.
|
| 240 |
1 |
0 |
|a Act for proportioning the supplies of beef
|
| 245 |
1 |
0 |
|a State of Rhode-Island and Providence Plantations. In General Assembly, August session, A.D. 1781 :
|b An act for proportioning the supplies of beef to the several towns in this state for the support of the army for the months of October and November next.
|
| 264 |
|
3 |
|a Providence :
|b Printed by Bennett Wheeler,
|c [1781]
|
| 300 |
|
|
|a 1 sheet (1 unnumbered page) ;
|c 53 x 20 cm.
|
| 336 |
|
|
|a text
|b txt
|2 rdacontent
|
| 337 |
|
|
|a computer
|b c
|2 rdamedia
|
| 338 |
|
|
|a online resource
|b cr
|2 rdacarrier
|
| 510 |
4 |
|
|a Evans
|c 17340
|
| 510 |
4 |
|
|a Alden, J.E. Rhode Island,
|c 890
|
| 530 |
|
|
|a Microform version available in the Readex Early American Imprints series.
|
| 533 |
|
|
|a Electronic text and image data.
|b [Chester, Vt. :
|c Readex, a division of Newsbank, Inc.,
|d 2002-2004.
|e Includes files in TIFF, GIF and PDF formats with inclusion of keyword searchable text.
|f (Early American imprints. First series ; no. 17340).
|
| 500 |
|
|
|a Electronic resource.
|
| 610 |
1 |
0 |
|a United States.
|b Continental Army
|x Supplies and stores.
|
| 651 |
|
0 |
|a Rhode Island
|x History
|y Revolution, 1775-1783.
|
| 651 |
|
0 |
|a United States
|x History
|y Revolution, 1775-1783
|x Supplies.
|
| 655 |
|
7 |
|a Broadsides.
|2 rbgenr
|
| 740 |
0 |
|
|a Act for proportioning the supplies of beef.
|
| 752 |
|
|
|a United States
|b Rhode Island
|d Providence.
|
| 830 |
|
0 |
|a Early American imprints.
|n Series I,
|p Evans (1639-1800) ;
|v no. 17340.
|
| 856 |
4 |
1 |
|u http://proxy.library.tamu.edu/login?url=https://opac.newsbank.com/select/evans/17340
|y Evans Digital Edition
|t 0
|
| 999 |
|
|
|a MARS
|
| 999 |
f |
f |
|s 36345f1d-cf04-3163-9abe-483084fb4c6d
|i ce8b1f80-84dc-38d7-99ee-b5927ef54932
|t 0
|
| 952 |
f |
f |
|a Texas A&M University
|b College Station
|c Electronic Resources
|s www_evans
|d Available Online
|t 0
|h No information provided
|
| 998 |
f |
f |
|t 0
|l Available Online
|